00533nam a2200109Ia 4500008004100000050002600041100003800067245018000105260008600285300002900371521002300400140724s9999 xx 000 0 und d aPN 1991.6b.M277 2007 aMangrobang, Kathrina Dominique O. 4aThe impact of Radio Jingles to the popularity of Top five FM stations among jeepney drivers paying Alabang-Zapote route in Las Piñas City /cKathrina Dominque O. Mangrobang. aLas Piñas, Philippines :bSouthville International School and Colleges,cc2007. a164 p. :bill. ;c28 cm. aMass Communication